000 00343 a2200169 4500
001 175534
020 _a85-08-03920-4
040 _cMagnum
100 _aMarques, Amadeu
240 1 0 _aSuper weekend
_lING
245 1 0 _aSuper weekend
300 _a16
362 0 _a1994
440 1 _aÁtica
697 _aLITERATURA INGLESA
942 _cBK
999 _c175534
_d175534